000 00587nam a2200229Ia 4500
003 OSt
005 20220918214533.0
006 a|||||r|||| 00| 0
007 ta
008 220917b |||||||| |||| 00| 0 eng d
024 _a137,914
037 _cTextual
040 _aARTS
_cARTS
_beng
041 _2eng
_aeng
082 _aYxN29:g, M7
100 _aPusey Michael
_9131656
245 0 _aJurgen Habermas
260 _aChisheter
_bEllis Hoerwood press
_c1987
650 _aSOCIOLOGY
942 _hYxN29:g, M7
_cTEXL
_2CC
999 _c260988
_d260988